000 01105nam a22002537a 4500
003 OSt
005 20260227104213.0
008 231002b ||||| |||| 00| 0 eng d
040 _c0
082 _aDPer 658.3005 H880 February-November 2020 v. 23 n. 1-5
100 _aRoss, Catharine.
_eauthor.
_949375
245 _aThe role of HRD in bridging the research-practice gap :
_bthe case of learning and development /
_cCatharine Ross, Lynn Nichol, Carole Elliott, Sally Sambrook, and Jim Stewart.
260 _aUnited Kingdom ;
_bTaylor & Francis Group ,
_cApril 2020.
300 _aVolume 23, pages 108-124 :
_billustration ;
_c25 cm.
500 _aHuman Resource Development International Enhancing, performance, learning and integrity, vol. 23, no. 2, pages 108-124, April 2020.
650 _aHuman capital.
_912625
650 _aResearch.
_949376
700 _aRoss, Catharine.
_eauthor.
_949375
700 _aNichol, Lynn.
_eauthor.
_949377
700 _aElliot, Carole.
_eauthor.
_949378
700 _aSambrook, Sally.
_eauthor.
_949379
700 _aStewart, Jim.
_eauthor.
_940345
942 _2ddc
_cPER
999 _c18278
_d18278